|
|
|
|
| LEADER |
00834naa a2200181 i 4500 |
| 001 |
univ3497 |
| 005 |
20200529060530.0 |
| 008 |
170606s2012 hu o 0|| hun d |
| 020 |
|
|
|a 978 615 5106 06 4
|
| 040 |
|
|
|a SZTE UnivHistória Repozitórium
|b hun
|
| 041 |
|
|
|a hun
|
| 245 |
0 |
0 |
|a 401. Haldokló kultúrák Csökkenő születési, emelkedő halálozási arányszám a magyar földön. Védekezés az egyke, harc a kapitalizmus túlkapásai ellen
|h [elektronikus dokumentum] :
|b Szegedi Napló XII. (1936) április 29. 6. oldal
|
| 260 |
|
|
|c 2012
|
| 300 |
|
|
|a 427-428
|
| 490 |
0 |
|
|a Egyetemi ifjúsági egyesületek Szegeden 1919 és 1944 között
|
| 561 |
|
|
|a Egyetemtörténeti könyvek
|
| 695 |
|
|
|a Történelemtudomány, Művelődéstörténet
|
| 856 |
4 |
0 |
|u http://univ.bibl.u-szeged.hu/3497/1/egyetemi_ifjusagi_427-428.pdf
|z Dokumentum-elérés
|